• 首页
  • 本馆介绍
  • 公告通知
  • 最新文献
  • 馆藏检索
  • 电子资源
  • 读者导购
  • 参考咨询
  • 我的图书馆
  • 登录
  • 详细信息显示
  • 放入我的书架
  • 预约/预借图书
  • 作者相关作品
  • 分类相关作品
  • 丛书相关作品
  • 出版社相关作品

书目信息

  • 表格格式
  • 工作单格式
  • 卡片格式
题名:
教育行业微营销实战攻略
    
 
作者: ;海天电商金融研究中心 编著
分册:  
出版信息: 北京   清华大学出版社  2017.04
页数: 237页
开本: 24cm
丛书名:
单 册:
中图分类: G40-054
科图分类:
主题词: 教育事业--网络营销
电子资源:
ISBN: 978-7-302-46171-5
000 01262nam0 2200241 450
001 0108153913
005 20210308154403.0
010    @a978-7-302-46171-5@dCNY39.80
100    @a20181129d20172020em y0chiy50 ea
101 0  @achi
102    @aCN@b110000
105    @aa z 000yy
106    @ar
200 1  @a教育行业微营销实战攻略@Ajiao yu hang ye wei ying xiao shi zhan gong lüe@f海天电商金融研究中心编著
210    @a北京@c清华大学出版社@d2017.04@h2020.09
215    @a237页@c图@d24cm
300    @a行业微营销之移动互联网系列
330    @a本书从“案例+技巧”两条线展开,帮助读者快速成为教育微营销的高手!一条是横向案例线,内容涉及慕课在线、微课在线、腾讯教育、阿里巴巴教育、百度教育、新东方教育、100教育、网易公开课、学而思教育、学大教育等30多家机构的经典案例,以及70多个专家提醒、220多个图解,对教育企业的特色、重点与技巧进行展示。另一条是纵向技巧线,含有3大运营模式、3大盈利模式、10大营销方式、6个营销工具、6种商业模式、20种营销技巧、40种营销策略等,针对教育市场、传统变革、商业价值、学校转型、数据分析等方面,对读者进行系统化的指导。
606 0  @a教育事业@x网络营销
690    @aG40-054@v5
711 02 @a海天电商金融研究中心@Ahai tian dian shang jin rong yan jiu zhong xin@4编著
801  0 @aCN@bBJSZM@c20210308
905    @b1272711-4@dG40-054@e1210@f4
    
    教育行业微营销实战攻略/海天电商金融研究中心编著.-北京:清华大学出版社,2017.04(2020.09)
    237页:图;24cm
    行业微营销之移动互联网系列
    
    ISBN 978-7-302-46171-5:CNY39.80
    本书从“案例+技巧”两条线展开,帮助读者快速成为教育微营销的高手!一条是横向案例线,内容涉及慕课在线、微课在线、腾讯教育、阿里巴巴教育、百度教育、新东方教育、100教育、网易公开课、学而思教育、学大教育等30多家机构的经典案例,以及70多个专家提醒、220多个图解,对教育企业的特色、重点与技巧进行展示。另一条是纵向技巧线,含有3大运营模式、3大盈利模式、10大营销方式、6个营销工具、6种商业模式、20种营销技巧、40种营销策略等,针对教育市场、传统变革、商业价值、学校转型、数据分析等方面,对读者进行系统化的指导。
●
相关链接 在E读中查询图书 在五车中查询图书 在当当中查询图书 在豆瓣中查询图书


正题名:教育行业微营销实战攻略     索取号:G40-054/1210         预约/预借

序号 登录号 条形码 馆藏地/架位号 状态 备注
1 1272711   212727110   第一样本阅览室/ [索取号:G40-054/1210] 在馆    
2 1272712   212727129   教育系资料室/ [索取号:G40-054/1210] 在馆    
3 1272713   212727138   教育系资料室/ [索取号:G40-054/1210] 在馆    
4 1272714   212727147   第四借阅区/ [索取号:G40-054/1210] 在馆    
欢迎您!
大连网信软件有限公司© 版权所有